BSOP header

The use of the Bible to shape and sustain new missionaries / (Record no. 5542)

MARC details
000 -LEADER
fixed length control field 00721nam a22002057a 4500
005 - DATE AND TIME OF LATEST TRANSACTION
control field 20170928133921.0
008 - FIXED-LENGTH DATA ELEMENTS--GENERAL INFORMATION
fixed length control field 121127b xxu||||| |||| 00| 0 eng d
100 ## - MAIN ENTRY--PERSONAL NAME
Personal name Hallowell, Jay Edward
245 ## - TITLE STATEMENT
Title The use of the Bible to shape and sustain new missionaries /
Statement of responsibility, etc by Jay Edward Hallowell
260 ## - PUBLICATION, DISTRIBUTION, ETC. (IMPRINT)
Place of publication, distribution, etc Quezon City :
Name of publisher, distributor, etc AGST,
Date of publication, distribution, etc 2010.
300 ## - PHYSICAL DESCRIPTION
Extent 310 p. ;
Dimensions 28 cm.
500 ## - GENERAL NOTE
General note Thesis ( D. Miss) -- Asia Graduate School of Theology Philippines, December 7, 2010.
504 ## - BIBLIOGRAPHY, ETC. NOTE
Bibliography, etc Includes bibliographical references.
650 ## - SUBJECT ADDED ENTRY--TOPICAL TERM
Topical term or geographic name as entry element Missionaries
General subdivision Psychology.
650 ## - SUBJECT ADDED ENTRY--TOPICAL TERM
Topical term or geographic name as entry element Missionaries
General subdivision Religious life
650 ## - SUBJECT ADDED ENTRY--TOPICAL TERM
Topical term or geographic name as entry element Intercultural communication.
650 ## - SUBJECT ADDED ENTRY--TOPICAL TERM
Topical term or geographic name as entry element Christianity and culture
541 ## - IMMEDIATE SOURCE OF ACQUISITION NOTE
Accession number 35332
942 ## - ADDED ENTRY ELEMENTS (KOHA)
Source of classification or shelving scheme Library of Congress Classification
Holdings
Withdrawn status Lost status Source of classification or shelving scheme Damaged status Not for loan Home library Current library Shelving location Date acquired Accession number Total Checkouts Full call number Barcode Date last seen Price effective from Koha item type
    Library of Congress Classification     BSOP Library BSOP Library Thesis 11/27/2012 35332   BV2073 H15 2010 00041694 02/23/2013 02/23/2013 Books
BSOP

Biblical Seminary of the Philippines
  All rights Reserved
  © 2024

CONTACT INFORMATION

Biblical Seminary of the Philippines,
  77-B Karuhatan Road, Valenzuela City,
  PHILIPPINES 1441
  Phone: +632 8292-6795 / 8292-6798
  Fax : +632 8292-6675
  Email: library@bsop.edu.ph